| 000 | 00532nam a2200145 a 4500 | ||
|---|---|---|---|
| 008 | 120416s1963 ||||||||||||||||| || u | ||
| 050 | _aGB 661.2 Can | ||
| 100 | _aCantor, L | ||
| 245 | 1 | 0 | _aWater and man |
| 246 | _aa geography of hydro-electric power and irrigation | ||
| 260 |
_aLondon _bChatto & Windus _c1963 |
||
| 300 | _a64p. : ill. | ||
| 350 | _a0.00 | ||
| 995 |
_D0.00 _FCBU-MAIN LIBRARY (Kitwe) _H1 _I6.00 _M1 _UAVAILABLE _WFeb 21, 2007 _ZMain Library Open Access Collection |
||
| 999 |
_c61460 _d61460 |
||